000 01195nam a22003737a 4500
003 CHAP
005 20220329143509.0
008 100215s2003 mx r 00010 spa d
010 _a97547
011 _a98519
020 _a9788849480
035 _a109204
040 _cCHAP
082 1 4 _a808.83
_bAn53
245 0 0 _a'Anijo :
_bel cuento en Texcoco
_c/por Moisés Zurita Zafra, Patricia Castillejos Peral y Rolando Rosas Galicia
260 _aTexcoco, Méx. :
_bUACH :
_bMolino de Letras,
_c2003
300 _a128 p.
490 0 _aMalitzin
590 _aBATCH-UPD
_b10
_c20130110
_lUCH01
_h0945
590 _aBATCH-UPD
_b10
_c20130410
_lUCH01
_h0600
590 _aBATCH-UPD
_b10
_c20130914
_lUCH01
_h0857
590 _aCONVERSION
_b10
_c20130109
_lUCH01
_h1354
650 1 4 _aCuentos mexicanos.
_930097
650 1 4 _aCuentos.
_930096
650 1 4 _aLiteratura.
_967113
700 0 _aCastillejos Peral, Patricia.
_920068
700 0 _aRosas Galicia, Rolando.
_9100013
700 0 _aZurita Zafra, Moisés.
_9124306
830 0 _aMalitzin
_970165
901 _aBK
911 _aen proceso
942 _cLIBRO
949 _a808.83 An53
_bBC
_cLIBRO
_d33724002052058
_eLIBRO
_gI.c/e
_h111818
_i109204
_sb
999 _c97547
_d97547